Slovenský prestolný prosbopis z roku 1842 Diel druhý Dokumenty
| Main Author: | |
|---|---|
| Format: | Book |
| Language: | Slovak Hungarian German Latin |
| PhysicalDescription: | VII, 630 strán 25 cm |
| Published: |
V Liptovskom Svätom Mikuláši
Tranoscius
1943
|
| Subjects: |
MARC
| LEADER | 00000cam a2200000 a 4500 | ||
|---|---|---|---|
| 001 | vtls008620156 | ||
| 003 | SK-MaSNL | ||
| 005 | 20260301021524.0 | ||
| 008 | 050818s1943 xo frn 000 0 slo | ||
| 015 | |a SNBA1943 | ||
| 020 | |q (brožované) | ||
| 040 | |a SNK |b slo |c SNK |e AACR2 | ||
| 041 | 0 | |a slo |a hun |a ger |a lat | |
| 044 | |a xo |c SK | ||
| 072 | 7 | |a 323 |x Vnútropolitický vývoj, politický život |2 konspekt | |
| 072 | 7 | |a 94(437.6) |x Dejiny Slovenska |2 konspekt | |
| 080 | |a 323.234 |2 2011 | ||
| 080 | |a (093) |2 2011 | ||
| 080 | |a 304.2/.4(=511.141) |2 2011 | ||
| 080 | |a 94(437.6) |2 2011 | ||
| 080 | |a 329.73 |2 2011 | ||
| 080 | |a 323.172 |2 2011 | ||
| 080 | |a (048.8) |2 2011 | ||
| 100 | 1 | |a Rapant, Daniel, |d 1897-1988 |4 aut |9 108104 | |
| 245 | 1 | 0 | |a Slovenský prestolný prosbopis z roku 1842 |c Daniel Rapant |n Diel druhý |p Dokumenty |
| 246 | 3 | 0 | |a Dokumenty |
| 260 | |a V Liptovskom Svätom Mikuláši |b Tranoscius |c 1943 | ||
| 300 | |a VII, 630 strán |c 25 cm | ||
| 500 | |a Obsahuje poznámky a skratky | ||
| 504 | |a Obsahuje bibliografické odkazy | ||
| 546 | |a Čiastočný text v latinčine, maďarčine a nemčine | ||
| 650 | 0 | 7 | |a petície |2 SNKPH |9 13945 |
| 650 | 0 | 7 | |a Petitions |2 SNKPHeng |9 310637 |
| 650 | 0 | 7 | |a maďarizácia |2 SNKPH |9 82594 |
| 650 | 0 | 7 | |a Magyarization |2 SNKPHeng |9 310638 |
| 650 | 0 | 7 | |a národné hnutie |2 SNKPH |9 71486 |
| 650 | 0 | 7 | |a Nationalist movement |2 SNKPHeng |9 298642 |
| 650 | 0 | 7 | |a hnutie za nezávislosť |2 SNKPH |9 4733 |
| 650 | 0 | 7 | |a Autonomy movements |2 SNKPHeng |9 294202 |
| 651 | 7 | |a Slovensko |x dejiny |2 SNKPHgeo |9 13278 | |
| 651 | 7 | |a Slovakia |x history |2 SNKPHeng |9 266841 | |
| 655 | 7 | |a dokumenty |2 SNKPH |9 70482 | |
| 655 | 7 | |a Documents |2 SNKPHeng |9 277725 | |
| 655 | 7 | |a monografie |2 SNKPH |9 70139 | |
| 655 | 7 | |a Monographs |2 SNKPHeng |9 120675 | |
| 752 | |a Slovensko |d Liptovský Mikuláš | ||
| 852 | |a Slovenská národná knižnica | ||
| 954 | |a odborná, vedecká literatúra pôvodná (slovenská) |2 lita | ||
| 954 | |a odborná, vedecká literatúra cudzojazyčná (svetová) |2 lita | ||
| 958 | |a NB | ||
| 958 | |a OND | ||
| 999 | |c 565477 |d 567407 | ||
| 952 | |a SNK |b SNK |y PREZ |7 0 |p 17A0739194 |o snkSB 972/2 |i snk2439/44 |0 0 |1 0 |4 0 |d 2023-06-09 |l 0 |r 2025-02-07 00:00:00 |w 2026-02-23 | ||
| 952 | |a SNK |b SNK |y VYP |7 0 |p 17A0087060 |o snkSB 972/2 D2 |i snkD 1878/61 |8 1 |0 0 |1 0 |4 0 |d 1997-07-30 |l 0 |r 2005-01-02 00:00:00 |w 2026-02-23 | ||
| 952 | |a SNK |b SNK |y VYP |7 0 |p 17A0496347 |o snkSB 972/2 D3 |i snkK 3861/65 |8 3 |0 0 |1 0 |4 0 |d 2025-11-27 |l 0 |r 2026-02-23 13:56:18 |w 2026-02-23 | ||
| 952 | |a SNK |b SNK |y VYP |7 0 |p 17A1346535 |o snkSB 972/2 D1 |i snkXI. 827/55 |0 0 |1 0 |4 0 |d 2006-02-08 |l 0 |r 2026-02-23 13:56:18 |w 2026-02-23 | ||


